000 00338nam a2200133Ia 4500
008 230818s9999 xx 000 0 und d
041 _aeng
100 _aKazami
245 _aStrategic management and business policy
260 _bTata Mc Graw Hill
300 _a698p
520 _aGeneral
999 _c852956
_d852956
650 _aHospitality Strategic Management